Datum a čas kvízu
34.5
Celkem bodů
Celkový počet nahraných bodů na tomto kvízu bez doplňovacích otázek.
2.
Pořadí na kvízu
Konečné umístění týmu na tomto kvízu.
Zaznamenané odpovědi
| # | Otázka | Odpověď | Body | Výsledky |
|---|---|---|---|---|
| 1. | Pražský Cross Club lákal zákaz... | natáčením studentského filmu | 0 | |
| 2. | Na letišti v Helsinkách začali... | psi | 1 | |
| 3. | V pondělí bylo v pražském hist... | Divadlo Lucie Bílé | 1 | |
| 4. | Velká potravinářská společnost... | PepsiCo | 1 | |
| 5. | Cale Makar, obránce týmu Color... | Dominik Kubalík | 0 | |
| 6. | Podle zdroje vody se rybníky d... | říční rybník | 1 | |
| 7. | Na obrázku vidíme u nás velmi... | okoun | 1 | |
| 8. | Největší český rybník mimo již... | Máchovo jezero, též (Velký) Dokeský rybník | 1 | |
| 9. | Většina rybníků disponuje jist... | česle / česlice | 1 | |
| 10. | Dle návrhu Štěpánka Netolickéh... | Zlatá stoka | 1 |